000 00489cam a2200193 4500
001 D2929
008 090401t1983 xxu||||| |||| 00| 0 eng d
035 _a(Sirsi) u71116
041 _aeng
050 _a690.028
100 _aCox, E.A.
245 _aSafety in the use of lasers on site
260 _aAscot, Berks
_bThe Chartered Institute of Building
_c1983
300 _a6p. 30cm
350 _a0
490 _aTechnical Information Service
_v22
942 _n0
948 _c04/03/1997
999 _c95382
_d95382